[Event "174th YMCA Autumn A"]
[Site "Warsaw"]
[Date "2016.09.30"]
[Round "8"]
[White "Sadowski, Miroslaw"]
[Black "Celinski, Kamil"]
[Result "1-0"]
[WhiteElo "2100"]
[BlackElo "1918"]
[PlyCount "69"]
[EventDate "2016.09.22"]
[EventType "tourn"]
[EventRounds "1"]
[EventCountry "POL"]
[SourceDate "2016.09.23"]

1. d4 Nf6 2. Nf3 c5 3. c3 Qb6 4. g3 e6 5. Bg2 d5 6. O-O Nbd7 7. Qb3 c4 8. Qc2
Qc6 9. Nbd2 b5 10. e4 Nxe4 11. Nxe4 dxe4 12. Ng5 f5 13. Nxe4 Qc7 14. Ng5 Nb6
15. Re1 Be7 16. Bf4 Qd8 17. Nxe6 Bxe6 18. Rxe6 O-O 19. Bxa8 Nxa8 20. Rae1 Bf6
21. Bd6 Nc7 22. Bxf8 Nxe6 23. Rxe6 Qxf8 24. Qxf5 b4 25. Qd5 Kf7 26. Qxc4 bxc3
27. bxc3 Kg6 28. Qd3+ Kf7 29. Ra6 Qe7 30. Qc4+ Kg6 31. Qe6 Qb7 32. Rc6 Qb1+ 33.
Kg2 Qb7 34. Qe4+ Kf7 35. Rxf6+ 1-0

[Event "174th YMCA Autumn A"]
[Site "Warsaw"]
[Date "2016.11.08"]
[Round "8"]
[White "Rozowski, Marcin"]
[Black "Malicka, Maria"]
[Result "1/2-1/2"]
[WhiteElo "1996"]
[BlackElo "1901"]
[PlyCount "88"]
[EventDate "2016.09.22"]
[EventType "tourn"]
[EventRounds "1"]
[EventCountry "POL"]
[SourceDate "2016.09.23"]

1. Nf3 c5 2. c4 Nc6 3. d4 cxd4 4. Nxd4 e6 5. Nc3 Nf6 6. Ndb5 d6 7. Bf4 e5 8.
Bg5 a6 9. Na3 Be7 10. e4 Be6 11. Bxf6 Bxf6 12. Be2 O-O 13. O-O Rc8 14. Nd5 Bg5
15. Nc2 f5 16. exf5 Bxf5 17. Nce3 Be6 18. Bg4 Bxg4 19. Qxg4 Nd4 20. Rad1 Kh8
21. b3 b5 22. Rxd4 exd4 23. Qxd4 Bxe3 24. Nxe3 bxc4 25. Nxc4 d5 26. Ne3 Qa5 27.
g4 Rfd8 28. Nf5 Qc3 29. Rd1 Qxd4 30. Rxd4 Rc2 31. a4 a5 32. Rd3 g6 33. Nd4 Rc1+
34. Kg2 Kg8 35. Ne2 Rc2 36. Nd4 Rc1 37. Ne2 Rc2 38. Nd4 Rb2 39. Kg3 Rb8 40. Nb5
Rf8 41. f3 Re8 42. Nd4 Re1 43. h4 Reb1 44. Kf4 Kf7 $11 1/2-1/2

[Event "174th YMCA Autumn A"]
[Site "Warsaw"]
[Date "2016.11.07"]
[Round "8"]
[White "Borowy, Cezary"]
[Black "Praczukowski, Stanislaw"]
[Result "1-0"]
[WhiteElo "2019"]
[BlackElo "2100"]
[PlyCount "59"]
[EventDate "2016.09.22"]
[EventType "tourn"]
[EventRounds "1"]
[EventCountry "POL"]
[SourceDate "2016.09.23"]

1. e4 e5 2. d4 exd4 3. Qxd4 Nc6 4. Qe3 Nf6 5. Nc3 Bb4 6. Bd2 O-O 7. O-O-O Re8
8. Bc4 d6 9. Nh3 Be6 10. Bxe6 Rxe6 11. Nf4 Re8 12. Qg3 Nxe4 13. Nxe4 Rxe4 14.
c3 Rc4 15. Kb1 Ba5 16. Nh5 g6 17. Bg5 Qc8 18. Nf6+ Kg7 19. Rd5 Rc5 20. Qh4 h5
21. Nxh5+ gxh5 22. Bf6+ Kf8 23. Qxh5 Ne7 24. Qh8+ Ng8 25. Qg7+ Ke8 26. Qxg8+
Kd7 27. Qg4+ Kc6 28. Rxc5+ dxc5 29. Qxc8 Rxc8 30. h4 1-0

[Event "174th YMCA Autumn A"]
[Site "Warsaw"]
[Date "2016.11.18"]
[Round "9"]
[White "Kasperkiewicz, Pawel"]
[Black "Goslawski, Michal"]
[Result "0-1"]
[WhiteElo "1908"]
[BlackElo "2159"]
[PlyCount "130"]
[EventDate "2016.09.23"]
[EventType "tourn"]
[EventRounds "1"]
[EventCountry "POL"]
[SourceDate "2016.10.05"]

1. e4 d6 2. d4 Nf6 3. Nc3 g6 4. Nf3 Bg7 5. Be2 O-O 6. O-O c6 7. Bf4 Nbd7 8. h3
Nh5 9. Bh2 e5 10. Qd2 Qf6 11. Rad1 h6 12. dxe5 dxe5 13. Qd6 Qxd6 14. Rxd6 Nf4
15. Bc4 a5 16. a4 g5 17. Rfd1 Nc5 18. Nd2 Re8 19. Nb3 Nce6 20. Ne2 Bf8 21. R6d2
Nxe2+ 22. Bxe2 f6 23. Bh5 Re7 24. Bg4 Rc7 25. Bg3 b5 26. Bxe6+ Bxe6 27. Nd4 Kf7
28. Nxe6 Kxe6 29. axb5 cxb5 30. f3 Rac8 31. c3 b4 32. Rd5 bxc3 33. bxc3 a4 34.
Ra5 a3 35. Be1 Bc5+ 36. Kf1 h5 37. Rd5 Be7 38. Ke2 h4 39. Kd3 Rc6 40. Bd2 Rb8
41. c4 Rb3+ 42. Ke2 Rxc4 43. Ra6+ Kf7 44. Ra7 Rd4 45. Be3 Rb2+ 46. Ke1 Rxd5 47.
exd5 a2 48. d6 Rb1+ 49. Kf2 a1=Q 50. Rxa1 Rxa1 51. dxe7 Ra2+ 52. Kf1 Kxe7 53.
Bb6 f5 54. Be3 Kf6 55. Bb6 Ra8 56. Bc7 Ke6 57. Bb6 Kd5 58. Be3 Rg8 59. Kf2 Kc4
60. Bc1 Kd3 61. g4 hxg3+ 62. Kxg3 e4 63. Kf2 Rg6 64. fxe4 fxe4 65. Ke1 e3 0-1

[Event "174th YMCA Autumn A"]
[Site "Warsaw"]
[Date "2016.11.14"]
[Round "9"]
[White "Malicka, Maria"]
[Black "Borowy, Cezary"]
[Result "1/2-1/2"]
[WhiteElo "1901"]
[BlackElo "2019"]
[PlyCount "49"]
[EventDate "2016.09.22"]
[EventType "tourn"]
[EventRounds "1"]
[EventCountry "POL"]
[SourceDate "2016.09.23"]

1. d4 d5 2. Bf4 Nf6 3. e3 c5 4. c3 Qb6 5. Qb3 c4 6. Qxb6 axb6 7. Nd2 Nc6 8. e4
e6 9. a3 b5 10. e5 Nd7 11. Rd1 Be7 12. Be2 O-O 13. Be3 Nb6 14. f4 Bd7 15. Ngf3
Na4 16. Rb1 f6 17. Bd1 Be8 18. Bc2 Bh5 19. O-O Bxf3 20. Nxf3 f5 21. Bf2 h6 22.
Bh4 Kf7 23. Bxe7 Nxe7 24. Bxa4 bxa4 25. Kf2 1/2-1/2

[Event "174th YMCA Autumn A"]
[Site "Warsaw"]
[Date "2016.11.17"]
[Round "9"]
[White "Celinski, Kamil"]
[Black "Rozowski, Marcin"]
[Result "0-1"]
[WhiteElo "1918"]
[BlackElo "1996"]
[PlyCount "148"]
[EventDate "2016.09.22"]
[EventType "tourn"]
[EventRounds "1"]
[EventCountry "POL"]
[SourceDate "2016.09.23"]

1. c4 e6 2. Nc3 d5 3. d4 Be7 4. Nf3 Nf6 5. Bf4 O-O 6. e3 c5 7. Be2 Nc6 8. dxc5
Bxc5 9. cxd5 exd5 10. O-O Be6 11. Qc2 Qe7 12. Rfd1 Rfd8 13. Na4 Bb4 14. a3 Bd6
15. Bxd6 Rxd6 16. Nc5 Rc8 17. Rac1 Rdd8 18. Qa4 a5 19. Qb5 Rb8 20. Nb3 Ra8 21.
Qb6 Rdb8 22. Nc5 Nd7 23. Nxd7 Qxd7 24. e4 Qe7 25. exd5 Bxd5 26. Rxd5 Qxe2 27.
Rd7 Rd8 28. Re1 Qxe1+ 29. Nxe1 Rxd7 30. f4 h6 31. Nf3 Rad8 32. Kf2 Re7 33. b4
axb4 34. axb4 Rde8 35. b5 Nb4 36. Ne5 Nd5 37. Qd4 Nxf4 38. Qxf4 Rxe5 39. Qc4 b6
40. h3 Rf5+ 41. Kg1 Rc5 42. Qd3 Re6 43. Qd8+ Kh7 44. Qd3+ g6 45. g4 h5 46. Kg2
hxg4 47. hxg4 Kg7 48. Kf3 Ree5 49. Qd4 Rxb5 50. Kf4 Rbc5 51. g5 b5 52. Qb2 Kg8
53. Qa1 Rf5+ 54. Ke3 Rce5+ 55. Kd4 Rxg5 56. Qa8+ Kg7 57. Qa1 Rgf5 58. Kd3 g5
59. Qd4 Kh7 60. Qg4 Rf4 61. Qd7 Ref5 62. Qb7 b4 63. Qh1+ Kg7 64. Qa1+ Rf6 65.
Qe5 R4f5 66. Qb2 Rb5 67. Kc4 Rbb6 68. Qe5 Kg6 69. Qe4+ Kh6 70. Qe8 b3 71. Qh8+
Kg6 72. Qg8+ Kf5 73. Qh7+ Kg4 74. Qe4+ Rf4 0-1

[Event "174th YMCA Autumn A"]
[Site "Warsaw"]
[Date "2016.11.16"]
[Round "9"]
[White "Choroszej, Aleksander"]
[Black "Sadowski, Miroslaw"]
[Result "0-1"]
[WhiteElo "1967"]
[BlackElo "2100"]
[PlyCount "58"]
[EventDate "2016.09.22"]
[EventType "tourn"]
[EventRounds "1"]
[EventCountry "POL"]
[SourceDate "2016.09.23"]

1. d4 d6 2. e4 Nf6 3. Nc3 e5 4. Nf3 Nbd7 5. Bc4 Be7 6. O-O O-O 7. Re1 c6 8. a3
b5 9. Ba2 Bb7 10. Bg5 Ne8 11. Be3 a6 12. Qd2 Nef6 13. Rad1 Ng4 14. dxe5 Ndxe5
15. Nxe5 Nxe5 16. Bf4 Bc8 17. Ne2 Bg4 18. h3 Be6 19. Bxe6 fxe6 20. Nd4 Nc4 21.
Qc1 Qd7 22. Bg3 d5 23. Nf3 Bf6 24. c3 Rae8 25. Qc2 a5 26. a4 bxa4 27. Nd2 Nb6
28. c4 Qb7 29. c5 Nc8 $138 0-1

[Event "174th YMCA Autumn A"]
[Site "Warsaw"]
[Date "2016.11.18"]
[Round "9"]
[White "Kaczmarska, Joanna"]
[Black "Wojtaszewski, Piotr"]
[Result "0-1"]
[WhiteElo "1862"]
[BlackElo "1998"]
[PlyCount "190"]
[EventDate "2016.09.22"]
[EventType "tourn"]
[EventRounds "1"]
[EventCountry "POL"]
[SourceDate "2016.09.23"]

1. e4 c5 2. Nf3 Nc6 3. Nc3 e5 4. d3 d6 5. g3 g6 6. Bg2 Bg7 7. O-O Nge7 8. Bg5
f6 9. Be3 O-O 10. Qd2 g5 11. h4 h6 12. a3 Qe8 13. Rab1 Qh5 14. b4 Nd4 15. Bxd4
cxd4 16. Nb5 f5 17. exf5 Nxf5 18. hxg5 Bd7 19. c4 Bc6 20. Nh2 Bxg2 21. Kxg2
hxg5 22. Nc7 Rf6 23. Qd1 Qxd1 24. Rfxd1 Rc8 25. Nd5 Rf7 26. Ng4 Ne7 27. Nxe7+
Rxe7 28. Kf3 b5 29. cxb5 d5 30. Rbc1 e4+ 31. Ke2 Rec7 32. Kd2 Rc3 33. Rxc3 Rxc3
34. dxe4 dxe4 35. Re1 Rxa3 36. Rxe4 Kf7 37. Ne5+ Kf6 38. Nc6 Ra2+ 39. Kd3 Ra3+
40. Kc4 Rc3+ 41. Kd5 d3 42. g4 Kf7 43. Ne5+ Kg8 44. Rd4 Rb3 45. Ke6 d2 46. Rxd2
Rxb4 47. Rd8+ Kh7 48. Rd5 Rf4 49. f3 a6 50. bxa6 Rf6+ 51. Kd7 Rxa6 52. Nf7 Ra7+
53. Ke6 Ra6+ 54. Rd6 Ra5 55. Rd5 Ra6+ 56. Rd6 Ra5 57. Rd1 Kg6 58. Rd6 Bf6 59.
Nd8 Ra3 60. Nc6 Re3+ 61. Kd7 Kf7 62. Nb4 Rxf3 63. Nd5 Bg7 64. Re6 Rf2 65. Re7+
Kg6 66. Re6+ Kh7 67. Re7 Ra2 68. Ke6 Kg6 69. Kd7 Ra4 70. Re6+ Kh7 71. Re7 Rd4
72. Ke6 Kg6 73. Ne3 $11 Ra4 74. Kd7 Bf6 75. Re6 Kf7 76. Rd6 Be5 77. Rd5 Ra7+
78. Kc6 Ke6 79. Rd8 Rc7+ 80. Kb5 Bf4 81. Nd5 Rc1 82. Nb4 Rg1 83. Kc4 Rxg4 84.
Kd3 Rg1 85. Ke4 Bd6 86. Nd3 g4 87. Nf4+ Ke7 88. Rg8 Kf7 89. Rg5 g3 90. Rf5+ Ke7
91. Kf3 Kd7 92. Rf7+ Kc6 93. Rf5 Bc7 94. Ne2 Ra1 95. Rf7 Rf1+ 0-1

[Event "174th YMCA Autumn A"]
[Site "Warsaw"]
[Date "2016.11.14"]
[Round "9"]
[White "Szymczak, Rafal"]
[Black "Piotrowski, Arkadiusz"]
[Result "1/2-1/2"]
[WhiteElo "2007"]
[BlackElo "1926"]
[PlyCount "23"]
[EventDate "2016.09.22"]
[EventType "tourn"]
[EventRounds "1"]
[EventCountry "POL"]
[SourceDate "2016.09.23"]

1. d4 f5 2. e3 Nf6 3. Bd3 e6 4. Nd2 Be7 5. e4 fxe4 6. Nxe4 O-O 7. Nxf6+ Bxf6 8.
Nf3 Nc6 9. c3 b6 10. Qc2 h6 11. Be3 Bb7 12. O-O-O $11 1/2-1/2

[Event "174th YMCA Autumn A"]
[Site "Warsaw"]
[Date "2016.11.23"]
[Round "10"]
[White "Goslawski, Michal"]
[Black "Piotrowski, Arkadiusz"]
[Result "1/2-1/2"]
[WhiteElo "2153"]
[BlackElo "1926"]
[PlyCount "82"]
[EventDate "2016.09.23"]
[EventType "tourn"]
[EventRounds "1"]
[EventCountry "POL"]
[SourceDate "2016.10.05"]

1. Nf3 Nf6 2. c4 c5 3. g3 b6 4. Bg2 Bb7 5. Nc3 g6 6. O-O Bg7 7. d4 cxd4 8. Qxd4
O-O 9. Qh4 Re8 10. Bh6 Bh8 11. Rac1 d6 12. Rfd1 Nbd7 13. e4 Qb8 14. Nd4 a6 15.
Bg5 Qa7 16. Nd5 Rac8 17. Bh3 Bxd5 18. cxd5 Rxc1 19. Rxc1 Ne5 20. Bg2 Nd3 21.
Nc6 Qb7 22. Rb1 b5 $11 23. b3 Rc8 24. Rd1 Ne5 25. Nxe5 dxe5 26. d6 Rd8 27. Bf3
Bg7 28. dxe7 Rxd1+ 29. Bxd1 Qxe7 30. Bxf6 Bxf6 31. Qg4 Qd8 32. Qe2 Be7 33. Bc2
Bc5 34. a4 Qd4 35. axb5 axb5 36. Bd3 b4 37. Bc4 Kg7 38. Qf3 f6 39. h4 h5 40.
Kg2 Qd2 41. Qe2 Qxe2 1/2-1/2

[Event "174th YMCA Autumn A"]
[Site "Warsaw"]
[Date "2016.11.25"]
[Round "10"]
[White "Wojtaszewski, Piotr"]
[Black "Szymczak, Rafal"]
[Result "1/2-1/2"]
[WhiteElo "1998"]
[BlackElo "2007"]
[PlyCount "23"]
[EventDate "2016.09.22"]
[EventType "tourn"]
[EventRounds "1"]
[EventCountry "POL"]
[SourceDate "2016.09.23"]

1. c4 e5 2. Nc3 Nf6 3. g3 Nc6 4. Bg2 g6 5. e4 Bg7 6. Nge2 O-O 7. O-O d6 8. Nd5
Nxd5 9. cxd5 Ne7 10. d4 f5 11. dxe5 Bxe5 12. f4 $11 1/2-1/2

[Event "174th YMCA Autumn A"]
[Site "Warsaw"]
[Date "2016.12.07"]
[Round "10"]
[White "Sadowski, Miroslaw"]
[Black "Kaczmarska, Joanna"]
[Result "1-0"]
[WhiteElo "2100"]
[BlackElo "1862"]
[PlyCount "115"]
[EventDate "2016.09.22"]
[EventType "tourn"]
[EventRounds "1"]
[EventCountry "POL"]
[SourceDate "2016.09.23"]

1. d4 Nf6 2. Nf3 d5 3. Bf4 e6 4. e3 c5 5. Be2 Nc6 6. O-O Be7 7. h3 O-O 8. c3
Qb6 9. Qb3 c4 10. Qc2 Qd8 11. Nbd2 b6 12. Ne5 Nxe5 13. dxe5 Nd7 14. Rad1 Qc7
15. Nf3 Nc5 16. Nd4 a6 17. Bh2 b5 18. g4 Bh4 19. f4 Ne4 20. Kg2 f5 21. gxf5
exf5 22. Bf3 Rb8 23. Bxe4 dxe4 24. Kh1 Rb6 25. Rg1 a5 26. Rg2 Bd7 27. Qe2 Be8
28. Rdg1 Bg6 29. Bg3 Bd8 30. a3 Qf7 31. Be1 Rb7 32. h4 Qe8 33. a4 Bh5 34. Qf1
g6 35. axb5 Qf7 36. Kh2 Qd5 37. Rd2 Bb6 38. Rgg2 Qf7 39. Rg5 Bg4 40. h5 Bd8 41.
e6 Qc7 42. Rxg4 fxg4 43. Nc6 Rxb5 44. Qxc4 Rxh5+ 45. Kg2 Kh8 46. Rd7 Qb6 47.
Qd4+ Qxd4 48. cxd4 Bf6 49. Bxa5 Re8 50. d5 Bxb2 51. Bb6 Bf6 52. Bc7 Ra8 53. Ba5
Rh3 54. Rf7 Bg7 55. d6 Rxe3 56. d7 Rd3 57. Re7 Bf6 58. Re8+ 1-0

[Event "174th YMCA Autumn A"]
[Site "Warsaw"]
[Date "2016.11.24"]
[Round "10"]
[White "Rozowski, Marcin"]
[Black "Choroszej, Aleksander"]
[Result "1/2-1/2"]
[WhiteElo "1996"]
[BlackElo "1967"]
[PlyCount "66"]
[EventDate "2016.09.22"]
[EventType "tourn"]
[EventRounds "1"]
[EventCountry "POL"]
[SourceDate "2016.09.23"]

1. Nf3 g6 2. c4 Bg7 3. Nc3 d6 4. d4 Nf6 5. e4 O-O 6. h3 e5 7. dxe5 dxe5 8. Qxd8
Rxd8 9. Bg5 Re8 10. Nd5 Nxd5 11. cxd5 c6 12. Bc4 cxd5 13. Bxd5 Nc6 14. Ke2 Be6
15. Bxe6 Rxe6 16. Rhd1 f5 17. Be3 h6 18. Nd2 f4 19. Bc5 b6 20. Ba3 Nd4+ 21. Kf1
Rc8 22. Rac1 Rec6 23. b3 Rc2 24. Nf3 Rxc1 25. Rxc1 Rxc1+ 26. Bxc1 Nxf3 27. gxf3
Bf8 28. Bb2 Bd6 29. Bc3 Kf7 30. Ke2 Ke6 31. Kd3 b5 32. b4 $11 Bc7 33. Ke2 Bb6
$11 1/2-1/2

[Event "174th YMCA Autumn A"]
[Site "Warsaw"]
[Date "2016.11.30"]
[Round "10"]
[White "Borowy, Cezary"]
[Black "Celinski, Kamil"]
[Result "1-0"]
[WhiteElo "2019"]
[BlackElo "1918"]
[PlyCount "71"]
[EventDate "2016.09.22"]
[EventType "tourn"]
[EventRounds "1"]
[EventCountry "POL"]
[SourceDate "2016.09.23"]

1. e4 e5 2. Nf3 Nc6 3. d4 exd4 4. Nxd4 Nf6 5. Nxc6 bxc6 6. Qe2 a5 7. e5 Nd5 8.
c4 Ba6 9. Nd2 Nf4 10. Qe4 Ne6 11. Bd3 Qe7 12. Bc2 Qc5 13. O-O g6 14. b3 Bg7 15.
Nf3 d5 16. exd6 cxd6 17. Be3 d5 18. Qxe6+ fxe6 19. Bxc5 Bxa1 20. Rxa1 dxc4 21.
Re1 O-O-O 22. Rxe6 cxb3 23. Bxb3 Kc7 24. Ne5 Rhe8 25. Rxc6+ Kb7 26. Rb6+ Kc7
27. f4 Bb7 28. Be3 g5 29. Rh6 gxf4 30. Bxf4 Rd4 31. Rxh7+ Kc8 32. g3 a4 33. Bc2
Rf8 34. Nf7 Bd5 35. Nd6+ Kd8 36. Bg5+ 1-0

[Event "174th YMCA Autumn A"]
[Site "Warsaw"]
[Date "2016.10.21"]
[Round "10"]
[White "Pajak, Jakub"]
[Black "Malicka, Maria"]
[Result "0-1"]
[WhiteElo "1893"]
[BlackElo "1901"]
[PlyCount "51"]
[EventDate "2016.09.22"]
[EventType "tourn"]
[EventRounds "1"]
[EventCountry "POL"]
[SourceDate "2016.09.23"]

1. e4 e5 2. Nf3 Nc6 3. d4 exd4 4. Nxd4 Bc5 5. Nxc6 Qf6 6. Qf3 Qxc6 7. Bd3 Nf6
8. Nc3 O-O 9. O-O d6 10. h3 a6 11. Nd5 Nxd5 12. exd5 Qb6 13. c3 a5 14. Re1 Bd7
15. Re7 Rae8 16. Rxd7 Re1+ 17. Kh2 Bxf2 18. b3 Bg1+ 19. Kg3 h5 20. Rb1 h4+ 21.
Kxh4 Bf2+ 22. g3 f6 23. Bf4 Rxb1 24. Bxb1 g5+ 25. Kh5 Qb5 26. Bf5 0-1

[Event "174th YMCA Autumn A"]
[Site "Warsaw"]
[Date "2016.11.25"]
[Round "10"]
[White "Kasperkiewicz, Pawel"]
[Black "Praczukowski, Stanislaw"]
[Result "0-1"]
[WhiteElo "1908"]
[BlackElo "2100"]
[PlyCount "108"]
[EventDate "2016.09.22"]
[EventType "tourn"]
[EventRounds "1"]
[EventCountry "POL"]
[SourceDate "2016.09.23"]

1. e4 e6 2. d4 d5 3. exd5 exd5 4. Nf3 Bd6 5. c4 Nf6 6. Nc3 O-O 7. cxd5 h6 8. h3
Nbd7 9. Bc4 Nb6 10. Bb3 Re8+ 11. Be3 Bb4 12. O-O Bf5 13. Ne5 Bxc3 14. bxc3
Nbxd5 15. Qf3 Be6 16. Bd2 c6 17. Rae1 Nd7 18. Qg3 Nxe5 19. Rxe5 Qf6 20. Rfe1 b5
21. Qd3 Nc7 22. Bc2 g6 23. Qe3 Bxa2 24. Qxh6 Rxe5 25. dxe5 Qg7 26. Qh4 Ne6 27.
Bd1 Bd5 28. Bg4 a5 29. Bxe6 fxe6 30. Bc1 c5 31. Ba3 b4 32. cxb4 axb4 33. Bc1
Rb8 34. f3 c4 35. Bg5 c3 36. Bf6 Qh7 37. Qd4 c2 38. Bg5 b3 39. Bc1 Qb7 40. Bb2
Qb6 41. Qxb6 Rxb6 42. Ra1 Kg7 43. Kf2 g5 44. Ke3 Kg6 45. Kd2 Kf5 46. Ra4 Rc6
47. Kc1 Bc4 48. Rb4 Rc7 49. Bc3 Kf4 50. Be1 Ke3 51. Bd2+ Kd3 52. Rb6 Ra7 53.
Rd6+ Bd5 54. Bxg5 Ra1+ 0-1

[Event "174th YMCA Autumn A"]
[Site "Warsaw"]
[Date "2016.12.06"]
[Round "11"]
[White "Praczukowski, Stanislaw"]
[Black "Goslawski, Michal"]
[Result "1/2-1/2"]
[WhiteElo "2100"]
[BlackElo "2153"]
[PlyCount "46"]
[EventDate "2016.09.23"]
[EventType "tourn"]
[EventRounds "1"]
[EventCountry "POL"]
[SourceDate "2016.10.05"]

1. e4 e5 2. Nf3 Nf6 3. Nxe5 d6 4. Nf3 Nxe4 5. d4 d5 6. Bd3 Nc6 7. O-O Be7 8. c4
Nb4 9. Be2 O-O 10. Nc3 Bf5 11. a3 Nxc3 12. bxc3 Nc6 13. Be3 Na5 14. cxd5 Qxd5
15. Ne5 b5 16. Re1 Bd6 17. a4 a6 18. axb5 axb5 19. Bf3 Be4 20. Bxe4 Qxe4 21.
Qf3 Qxf3 22. Nxf3 Nc4 23. Nd2 Nxd2 1/2-1/2

[Event "174th YMCA Autumn A"]
[Site "Warsaw"]
[Date "2016.11.23"]
[Round "11"]
[White "Malicka, Maria"]
[Black "Kasperkiewicz, Pawel"]
[Result "1-0"]
[WhiteElo "1901"]
[BlackElo "1908"]
[PlyCount "48"]
[EventDate "2016.09.22"]
[EventType "tourn"]
[EventRounds "1"]
[EventCountry "POL"]
[SourceDate "2016.09.23"]

1. e4 e6 2. d4 d5 3. Nc3 Nf6 4. Bg5 dxe4 5. Nxe4 Be7 6. Nxf6+ Bxf6 7. Bxf6 Qxf6
8. Nf3 O-O 9. Bd3 c5 10. c3 cxd4 11. Nxd4 e5 12. Nb5 Nc6 13. O-O Rd8 14. Qc2 h6
15. Be4 Bg4 16. f3 Bd7 17. Nc7 Rac8 18. Nd5 Qg5 19. f4 exf4 20. Nxf4 Nd4 21.
Qf2 Qxf4 22. Qxd4 Qg4 23. Rad1 b6 24. Rd3 Qg5 $138 1-0

[Event "174th YMCA Autumn A"]
[Site "Warsaw"]
[Date "2016.12.01"]
[Round "11"]
[White "Choroszej, Aleksander"]
[Black "Borowy, Cezary"]
[Result "1-0"]
[WhiteElo "1967"]
[BlackElo "2019"]
[PlyCount "93"]
[EventDate "2016.09.22"]
[EventType "tourn"]
[EventRounds "1"]
[EventCountry "POL"]
[SourceDate "2016.09.23"]

1. d4 d5 2. c4 e6 3. Nc3 c6 4. e3 Bd6 5. Bd3 Nd7 6. Qc2 f5 7. Nf3 Ngf6 8. cxd5
cxd5 9. Nb5 Bb8 10. Bd2 a6 11. Rc1 O-O 12. Nc7 Bxc7 13. Qxc7 Qxc7 14. Rxc7 Nb8
15. Ne5 Nfd7 16. Nxd7 Nxd7 17. Ke2 Nb8 18. Rhc1 Nc6 19. b4 Rf7 20. Rxf7 Kxf7
21. a4 Bd7 22. b5 axb5 23. axb5 Nd8 24. Rc2 Ke8 25. Bb4 b6 26. Kf3 Ra4 27. Rb2
Nf7 28. h4 h5 29. Kf4 g6 30. f3 Ra1 31. e4 dxe4 32. fxe4 Ra4 33. exf5 gxf5 34.
Be2 Kd8 35. Bxh5 Nd6 36. Bd1 Nc4 37. Bxa4 Nxb2 38. Bc2 Bxb5 39. Ke5 Nd3+ 40.
Bxd3 Bxd3 41. Kxe6 f4 42. h5 b5 43. h6 Ke8 44. d5 Bc2 45. d6 Bb3+ 46. Kf6 Bc2
47. Kg7 1-0

[Event "174th YMCA Autumn A"]
[Site "Warsaw"]
[Date "2016.12.01"]
[Round "11"]
[White "Kaczmarska, Joanna"]
[Black "Rozowski, Marcin"]
[Result "1/2-1/2"]
[WhiteElo "1862"]
[BlackElo "1996"]
[PlyCount "120"]
[EventDate "2016.09.22"]
[EventType "tourn"]
[EventRounds "1"]
[EventCountry "POL"]
[SourceDate "2016.09.23"]

1. d4 d5 2. c4 e6 3. Nc3 Be7 4. Nf3 Nf6 5. Bg5 h6 6. Bh4 Nbd7 7. e3 Ne4 8. Bxe7
Qxe7 9. cxd5 Nxc3 10. bxc3 exd5 11. Qb3 c6 12. Bd3 O-O 13. O-O Nf6 14. Rfb1 Rb8
15. Rb2 Be6 16. Rab1 Ne4 17. Qc2 Nd6 18. Ne5 Rbc8 19. Qa4 a6 20. Qb4 Qc7 21.
Qc5 Rfe8 22. Rb6 Rcd8 23. a4 Bc8 24. a5 g6 25. h3 Kg7 26. Re1 g5 27. Reb1 h5
28. c4 f6 29. Nxc6 bxc6 30. cxd5 Qe7 31. dxc6 Ne4 32. Qc2 Nd6 33. Bxa6 Bxa6 34.
Rxa6 Ra8 35. Rab6 Rec8 36. a6 Ra7 37. Rb7 Rc7 38. Qd3 Kh6 39. d5 Qd8 40. Rb8
Rc8 41. R8b6 Rcc7 42. Qe2 Nc8 43. R6b5 Rxa6 44. e4 Nd6 45. Rb8 Rc8 46. R8b4
Raa8 47. Qc2 Nf7 48. Rb7 Ne5 49. Qc5 Ra5 50. Qc3 Ra4 51. f3 Qd6 52. h4 Ra3 53.
hxg5+ fxg5 54. R1b3 Rxb3 55. Rxb3 Rf8 56. Rb7 Nxf3+ 57. gxf3 Qg3+ 58. Kh1 Qh3+
59. Kg1 Qg3+ 60. Kh1 Qh3+ 1/2-1/2

[Event "174th YMCA Autumn A"]
[Site "Warsaw"]
[Date "2016.12.05"]
[Round "11"]
[White "Szymczak, Rafal"]
[Black "Sadowski, Miroslaw"]
[Result "1/2-1/2"]
[WhiteElo "2007"]
[BlackElo "2100"]
[PlyCount "36"]
[EventDate "2016.09.22"]
[EventType "tourn"]
[EventRounds "1"]
[EventCountry "POL"]
[SourceDate "2016.09.23"]

1. d4 d6 2. e4 Nf6 3. f3 e5 4. dxe5 dxe5 5. Qxd8+ Kxd8 6. Bc4 Be6 7. Bxe6 fxe6
8. Be3 Nbd7 9. Nc3 Bc5 10. Bxc5 Nxc5 11. O-O-O+ Ke7 12. Nge2 a5 13. a4 c6 14.
b3 Rhb8 15. Kd2 Rd8+ 16. Ke3 Na6 17. Rxd8 Rxd8 18. Rd1 Nb4 $11 1/2-1/2

[Event "174th YMCA Autumn A"]
[Site "Warsaw"]
[Date "2016.11.28"]
[Round "11"]
[White "Piotrowski, Arkadiusz"]
[Black "Wojtaszewski, Piotr"]
[Result "0-1"]
[WhiteElo "1926"]
[BlackElo "1998"]
[PlyCount "110"]
[EventDate "2016.09.22"]
[EventType "tourn"]
[EventRounds "1"]
[EventCountry "POL"]
[SourceDate "2016.09.23"]

1. d4 Nf6 2. c4 e5 3. dxe5 Ng4 4. Nf3 Bc5 5. e3 Nc6 6. Be2 Ngxe5 7. Nxe5 Nxe5
8. O-O O-O 9. Nc3 Re8 10. b3 d6 11. Na4 Bb6 12. Nxb6 axb6 13. Bb2 Qh4 14. Qd4
Qh6 15. a4 Nc6 16. Qc3 Bf5 17. Bf3 Ne5 18. Be2 Ng6 19. Rfe1 Nh4 20. Kh1 Be4 21.
f3 Bc6 22. e4 f5 23. Bd3 f4 24. Re2 Ra5 25. Qd4 Rh5 26. Qg1 Ng6 27. Bc2 Ne5 28.
Bxe5 Rexe5 29. b4 Rh4 30. b5 Bd7 31. a5 bxa5 32. c5 Rxh2+ 33. Qxh2 Rh5 34. Qxh5
Qxh5+ 35. Kg1 Qxc5+ 36. Kh1 Bxb5 37. Rd2 Bc6 38. Bb3+ Kf8 39. Rad1 a4 40. Ba2
b5 41. Bb1 Qb6 42. Rc2 Bb7 43. e5 d5 44. Rdc1 c6 45. e6 Qe3 46. e7+ Kxe7 47.
Rd1 Kd6 48. Rcc1 b4 49. Re1 Qf2 50. Bf5 Qh4+ 51. Kg1 Qf6 52. Bg4 a3 53. Ra1 Ba6
54. Ra2 Bc4 55. Raa1 a2 0-1

[Event "174th YMCA Autumn A"]
[Site "Warsaw"]
[Date "2016.12.14"]
[Round "12"]
[White "Goslawski, Michal"]
[Black "Wojtaszewski, Piotr"]
[Result "1/2-1/2"]
[WhiteElo "2153"]
[BlackElo "1998"]
[PlyCount "37"]
[EventDate "2016.09.23"]
[EventType "tourn"]
[EventRounds "1"]
[EventCountry "POL"]
[SourceDate "2016.10.05"]

1. d4 Nf6 2. Nf3 g6 3. g3 Bg7 4. Bg2 d5 5. c4 c6 6. cxd5 cxd5 7. O-O O-O 8. Nc3
a6 9. Ne5 e6 10. b3 Nfd7 11. Nf3 Nc6 12. Bb2 b5 13. Qd2 Bb7 14. e3 Qe7 $11 15.
Ne1 Rfc8 16. Nd3 Nd8 17. Rfc1 Rc7 18. Ne2 Rac8 19. Rxc7 $11 1/2-1/2

[Event "174th YMCA Autumn A"]
[Site "Warsaw"]
[Date "2016.11.25"]
[Round "12"]
[White "Sadowski, Miroslaw"]
[Black "Piotrowski, Arkadiusz"]
[Result "1/2-1/2"]
[WhiteElo "2100"]
[BlackElo "1926"]
[PlyCount "77"]
[EventDate "2016.09.22"]
[EventType "tourn"]
[EventRounds "1"]
[EventCountry "POL"]
[SourceDate "2016.09.23"]

1. d4 d5 2. Nf3 Nf6 3. Bf4 g6 4. Nc3 Bg7 5. Qd2 h5 6. O-O-O c6 7. Ne5 Nbd7 8.
f3 Nxe5 9. dxe5 Nd7 10. e4 Nxe5 11. exd5 Bf5 12. dxc6 Qxd2+ 13. Rxd2 Nxc6 14.
Nd5 O-O-O 15. Bb5 Rhe8 16. Rhd1 Bf8 17. h3 h4 18. a4 e5 19. Bg5 Rd7 20. Nf6
Rxd2 21. Rxd2 Re7 22. Nh7 Re8 23. Bxc6 bxc6 24. Nxf8 Rxf8 25. Bxh4 f6 26. Bf2
Rf7 27. h4 a6 28. Bc5 Rd7 29. g4 Be6 30. Rh2 Bd5 31. Rh3 Rh7 32. h5 gxh5 33.
gxh5 Be6 34. Rh2 Bd5 35. Rh3 Be6 36. Rh4 Bd5 37. Rh3 Be6 38. Rh2 Bd5 39. Rh3
1/2-1/2

[Event "174th YMCA Autumn A"]
[Site "Warsaw"]
[Date "2016.12.08"]
[Round "12"]
[White "Rozowski, Marcin"]
[Black "Szymczak, Rafal"]
[Result "1/2-1/2"]
[WhiteElo "1996"]
[BlackElo "2007"]
[PlyCount "28"]
[EventDate "2016.09.22"]
[EventType "tourn"]
[EventRounds "1"]
[EventCountry "POL"]
[SourceDate "2016.09.23"]

1. Nf3 d5 2. d4 e6 3. c4 Nf6 4. g3 c6 5. Qc2 Ne4 6. Bg2 Bd6 7. O-O O-O 8. Nbd2
f5 9. Ne1 Nd7 10. Ndf3 Qe7 11. Nd3 b6 12. Qa4 Bb7 13. Bf4 Bxf4 14. Nxf4 a5 $11
1/2-1/2